000 00669cam a22001457a 4500
008 180718b-- xxu||||| |||| 00| 0 eng d
082 _aA81x54 91/15/PT3B/B
100 _aCensus of India 1991
245 _aManipur: economic tables
260 _aDelhi
_bThe Controller of Publication
_c--
300 _a-v-
440 _aCensus of India 1991. Series-15, Manipur. Part 3B-B series
500 _aContents: v.1. Tables B-2(F), B-3(F), B-6(F), B-7(F), B-8(F), B-9(F), B-12(F), B-13(i), B-13(ii), B-14(F), B-15(i)(F), B-15(ii)(F), B-16(F);v.2. Tables B-17(F), B-18(F), B-19(F), B-20, B-21(F) Part A & B, B-23(F) and B-24(F)
650 _aManipur - Economic conditions - Census
999 _c485721
_d485721